Paises que empiezan por la A - Estadísticas

Estadísticas generales
  • Esta prueba ha sido intentada 215 veces
  • La puntuación promedio es 12 de 13
Estadísticas de respuestas
Hint País % Correcto
Europa Alemania
99%
América del Sur Argentina
97%
Europa Austria
97%
Oceanía Australia
95%
Europa Andorra
93%
Asia Afganistán
92%
África Angola
91%
Europa Albania
90%
África Argelia
86%
Asia Armenia
86%
Norte América Antigua y Barbuda
83%
Asia Azerbaiyán
83%
Asia Arabia Saudita
80%
No se encontraron pruebas coincidentes
Distribución de puntuación
Porcentaje de gente con cada puntuación
Porcentaje por número respondido
Historial de tus puntuaciones
No has intentado esta prueba.